Detalles MARC
| 000 -LÍDER |
| Campo fijo de descripción fija |
02938nmm a22004337 4500 |
| 001 - NÚMERO DE CONTROL |
| Campo de control |
768714001 |
| 003 - IDENTIFICADOR DEL NÚMERO DE CONTROL |
| Campo de control |
CO-MdFUSB |
| 005 - FECHA Y HORA DE LA ULTIMA TRANSACCIÓN |
| control field |
20250731121457.0 |
| 007 - CAMPO FIJO DE DESCRIPCIÓN FIJA--INFORMACIÓN GENERAL |
| Campo fijo de descripción fija |
cd aa aaaaa |
| 008 - ELEMENTOS DE LONGITUD FIJA -- INFORMACIÓN GENERAL |
| Campo fijo de descripción fija -- Información general |
170505b2016 ck ||||| |||| 00| 0 spa d |
| 040 ## - FUENTE DE CATALOGACIÓN |
| Agencia de catalogación original |
CO-MdFUSB |
| Idioma de catalogación |
Español |
| Agencia que realiza la transcripción |
CO-MdFUSB |
| Agencia que realiza la modificación |
CO-MdFUSB |
| 041 ## - CÓDIGO DE IDIOMA |
| Código de idioma para texto/pista de sonido o título separado |
spa |
| 043 ## - CÓDIGO DE ÁREA GEOGRÁFICA |
| Código de área geográfica |
ck |
| 084 ## - OTRO NUMERO DE CLASIFICACIÓN |
| Número de clasificación |
T CD0073 |
| 100 ## - ASIENTO PRINCIPAL--NOMBRE PERSONAL |
| Nombre personal |
Sierra, John Alexander |
| Término relacionador |
autor |
| 245 10 - TÍTULO |
| Título del Material |
Liturgia pentecostal en el Ministerio Verdad y Vida |
| Mención de responsabilidad, etc. |
/ John Alexander Sierra Gómez ; asesorado por Jhohan Eduardo Centeno Collazos |
| Medio físico |
[electrónico] |
| 264 #2 - PRODUCTION, PUBLICATION, DISTRIBUTION, MANUFACTURE, AND COPYRIGHT NOTICE |
| Lugar de procducción, publication, distribution, manufacture |
Medellín, Colombia : |
| Nombre del productor, publicador, distribuidor y manofactura |
FUSBC, |
| Fecha de producción, distribución, manufactura, o nota de copyright |
2017 |
| 300 ## - DESCRIPCIÓN FÍSICA |
| Extensión |
62 páginas |
| 336 ## - TIPO DE CONTENIDO |
| Fuente |
rdacontent |
| Tipo de contenido |
texto |
| Content type code |
txt |
| 337 ## - TIPO DE MEDIO |
| Fuente |
rdamedia |
| Tipo de medio |
informático |
| Código |
c |
| 338 ## - TIPO DE SOPORTE |
| Fuente |
rdacarrier |
| rdacarrier |
remoto |
| Código |
cr |
| 502 ## - NOTA DE TESIS |
| Nota de Tesis |
Trabajo de grado |
| Tipo de estudio |
(Teología) -- |
| Nombre de la Institución del grado |
Fundación Universitaria Seminario Bíblico de Colombia, 2017 |
| 504 ## - NOTA DE BIBLIOGRAFÍA, ETC. |
| Nota de bibliografía, etc |
Referencias bibliográficas (páginas: 36-57) |
| 505 ## - NOTA DE CONTENIDO |
| Nota de contenido con formato preestablecido |
Liturgia cristiana y pentecostalismo -- Término liturgia -- Elementos de la liturgia -- Ministerio Verdad y Vida de las Asambleas de Dios -- Liturgia del Ministerio Verdad y Vida de las Asambleas de Dios -- Historia de la liturgia y elementos de la misma. -- Fundamentos bíblicos de la liturgia -- El pentecostalismo -- Elaboración de instrumentos -- Conclusiones |
| 506 ## - NOTA DE RESTRICCIONES DE ACCESO |
| Condiciones de acceso |
Préstamo en sala |
| 520 3# - NOTA DE RESUMEN, ETC. |
| Nota de sumario, etc. |
Esta investigación se hizo con el fin de ¿determinar cuál es la comprensión de los pastores y miembros del Ministerio Verdad y Vida sobre su liturgia y las características de la misma?<br/>Se inició haciendo un trabajo teórico, determinado ¿qué es liturgia?, y el término “pentecostal” ¿cómo se realizaba?, ¿que bases bíblicas? o ¿teológicamente que se puede conocer? ¿Cuál es su procedencia? También se trabajo el concepto de liturgia pentecostal, sus inicios, y quienes son pentecostales.<br/>Se realizó un trabajo de campo por medio de encuestas y entrevistas, conformadas por 16 y 13 preguntas respectivamente, con el fin de determinar el nivel de conocimiento de la liturgia pentecostal. En el ministerio verdad y vida se encuestó a 6 sedes, adicionalmente se tuvo en cuenta a la iglesia Cuadrangular de Sabaneta. Las entrevistas estaban enfocadas a los pastores, en tanto que las encuestas fueron dirigidas al liderazgo (asistentes y líderes). Finalmente se obtuvo un total de 7 entrevistas y 93 encuestas, logrando con este trabajo unas conclusiones y posteriormente unas propuestas de investigación relacionadas con el tema. |
| 535 ## - LOCALIZACIÓN DE ORIGINALES / DUPLICADOS Y NOTAS |
| Custodian |
Recurso en REPCI |
| 590 ## - NOTA LOCAL |
| Nota local |
Préstamo en sala |
| 650 #7 - ASIENTO SECUNDARIO DE MATERIA - TERMINO TEMÁTICO |
| 9 (RLIN) |
208 |
| Término temático o nombre geográfico como elemento de entrada |
Celebraciones litúrgicas |
| Subdivisión geográfica |
Colombia |
| 650 #7 - ASIENTO SECUNDARIO DE MATERIA - TERMINO TEMÁTICO |
| 9 (RLIN) |
655 |
| Término temático o nombre geográfico como elemento de entrada |
Iglesia |
| 650 #7 - ASIENTO SECUNDARIO DE MATERIA - TERMINO TEMÁTICO |
| 9 (RLIN) |
206 |
| Término temático o nombre geográfico como elemento de entrada |
Liturgia |
| 650 #0 - ASIENTO SECUNDARIO DE MATERIA - TERMINO TEMÁTICO |
| 9 (RLIN) |
142 |
| Término temático o nombre geográfico como elemento de entrada |
Pentecostalismo |
| 653 ## - TERMINO DE INDIZACION - NO CONTROLADO |
| Término de indización no controlado |
Denominaciones |
| 653 ## - TERMINO DE INDIZACION - NO CONTROLADO |
| Término de indización no controlado |
Pastores |
| 653 ## - TERMINO DE INDIZACION - NO CONTROLADO |
| Término de indización no controlado |
liderazgo |
| 700 ## - ASIENTO SECUNDARIO - NOMBRE PERSONAL |
| Nombre personal |
Centeno, Jhohan, |
| Responsabilidad |
asesor |
| 9 (RLIN) |
90 |
| 856 ## - LOCALIZACIÓN Y ACCESO ELECTRÓNICOS |
| Nombre del sitio |
REPCI |
| Identificador Uniforme del Recurso |
https://repositorio.repci.co/handle/123456789/703 |
| 942 ## - TIPO DE MATERIAL (KOHA) |
| Tipo de Item KOHA |
Trabajos de Grado |